000 00599nam a2200217Ia 4500
003 OSt
005 20220923225614.0
006 a|||||r|||| 00| 0
007 ta
008 220922b |||||||| |||| 00| 0 san d
024 _a272,337
037 _cTextual
040 _aARTS
_cARTS
_bsan
041 _2san
_asan
082 _aO15,1D61x, 153J1
245 0 _aਭਰਥਰੀ ਹਰੀ ਜੀਵਨ ਤੇ ਨੀਤੀ Fਤਕ
260 _c1951
650 _aਸਾਂFੲਛ ਸੱਸਥ੍ਹਛ
_9159588
942 _hO15,1D61x, 153J1
_cTEXL
_2CC
999 _c379402
_d379402